| 000 | 01307cam a2200217 i 4500 | ||
|---|---|---|---|
| 001 | 19535751 | ||
| 005 | 20251231060749.0 | ||
| 008 | 170303t20162016ii a b f001 0 eng | ||
| 010 | _a 2016363140 | ||
| 020 | _a9788123022147 | ||
| 082 | _2347.01 SUP | ||
| 245 | 0 | 0 |
_aCourts of India : _bpast to present / _cSupreme Court of India |
| 264 | 1 |
_aNew Delhi : _bGovernment of India, _c2016. |
|
| 300 |
_a512 p. : _bill. ; _c29 cm. |
||
| 505 | _aThe beginnings : indigenous judicial structures; The colonial conquests : the first courts (1500-1700); The charter trinity : the courts of Calcutta, Bombay and Madras (1726-1860); The foundations : the colonial high courts (1861-1950); The King-in-Council, Privy Council & Federal Court (1726-1950); The new judicial order : the Supreme Court of India & the high courts; The conscience-keeper of independent India : the Supreme Court; The guardians of justice : high courts under the Constitution; Famous trials : cases that made history; Ecosystem of justice : court hierarchies, administration and the legal profession | ||
| 650 | 0 |
_aCourts _zIndia. |
|
| 650 | 0 |
_aJustice, Administration of _zIndia. |
|
| 710 | 1 |
_aIndia. _bSupreme Court, |
|
| 710 | 1 |
_aIndia. _bMinistry of Information and Broadcasting. _bPublications Division, _eissuing body. |
|
| 942 |
_2ddc _cBK |
||
| 999 |
_c41815 _d41815 |
||